Zanzibar : the Bradt travel guide.
| Main Author: | |
|---|---|
| Other Authors: | |
| Format: | Book |
| Published: |
Chalfont St. Peter, Brucks, U.K:
Bradt Travel Guide,
2003.
|
| Edition: | 5th ed. |
| Subjects: |
| LEADER | 00523cam a2200181 7i4500 | ||
|---|---|---|---|
| 001 | 0000015152 | ||
| 005 | 20050318090000.0 | ||
| 020 | 0 | 0 | |a 1-84162-063-7 |
| 090 | 0 | 0 | |a ZANZ 916.781 |b ELS |
| 100 | 1 | 0 | |a Else |
| 245 | 1 | 0 | |a Zanzibar : |b the Bradt travel guide. |
| 250 | 0 | 0 | |a 5th ed. |
| 260 | 0 | 0 | |a Chalfont St. Peter, Brucks, U.K: |b Bradt Travel Guide, |c 2003. |
| 300 | # | # | |a 286 p. |
| 650 | 0 | 0 | |a Zanzibar -- |x Guidebooks |
| 651 | 0 | 0 | |a Zanzibar |
| 700 | 1 | 1 | |a Tyrrell, |h Heather |
| 999 | |a B000016597 |b Book |c Countries |e Business Information Centre | ||


